BFDI Seasons 1-5 Episode Vote Counts - Statistics

General Stats
  • This quiz has been taken 34 times
  • The average score is 15 of 84
Answer Stats
Season Episode Votes % Correct
BFDI 2 7
100%
BFDI 3 12
91%
BFDI 4 12
57%
BFDI 5 14
52%
BFDI 6 13
43%
BFDI 7 18
43%
BFDI 9 28
39%
BFDI 10 29
30%
BFDI 11 37
30%
BFDI 12 61
26%
BFDI 13 80
26%
BFDI 14 158
22%
BFDIA 7 269548
22%
BFDI 25 870
22%
BFDI 15 220
17%
BFDI 16 259
17%
BFDI 17 288
17%
BFDI 18 455
17%
BFDI 19 464
17%
BFDI 20 545
17%
BFDI 21 1037
13%
BFDIA 15 151540
13%
BFDIA 1 15532
13%
BFDIA 12 164720
13%
BFDIA 10 172359
13%
BFDIA 9 182585
13%
BFB 3 19843
13%
BFDIA 2 1986
13%
BFB 4 20255
13%
BFB 5 20389
13%
TPOT 15 206840
13%
BFDIA 14 210285
13%
TPOT 16 219081
13%
BFB 6 21916
13%
BFB 8 22238
13%
BFB 9 22340
13%
TPOT 14 225176
13%
BFDIA 8 230850
13%
BFB 7 23119
13%
BFB 10 23516
13%
BFB 13 24187
13%
BFDIA 16 246275
13%
BFDIA 18 284777
13%
TPOT 17 296306
13%
BFDIA 4 2972
13%
BFB 15 29988
13%
BFB 12 30685
13%
BFB 11 32543
13%
TPOT 13 347346
13%
BFDIA 11 362326
13%
BFDIA 17 394212
13%
BFB 16 39850
13%
BFDIA 19 417715
13%
BFB 27 42595
13%
BFB 28 45868
13%
BFB 26 46108
13%
BFB 19 50477
13%
BFB 18 51320
13%
BFB 21 51914
13%
BFB 25 51983
13%
BFB 20 52418
13%
BFB 22 56990
13%
BFB 24 57729
13%
TPOT 5 59035
13%
TPOT 1 59151
13%
TPOT 6 59182
13%
BFB 23 59779
13%
TPOT 2 59817
13%
BFDIA 3 6248
13%
TPOT 7 66833
13%
TPOT 4 67824
13%
TPOT 9 69744
13%
TPOT 8 70064
13%
BFDIA 5 7104
13%
BFB 29 71828
13%
BFDI 24 735
13%
TPOT 3 74873
13%
TPOT 10 76682
13%
BFB 30 77131
13%
BFDI 23 816
13%
BFDI 22 844
13%
TPOT 12 90503
13%
BFDIA 6 9810
13%
BFB 2 9983
13%
No matching quizzes found
Score Distribution
Percent of People with Each Score
Percentile by Number Answered
Your Score History
You have not taken this quiz